000 00640 a2200205 4500
999 _c182789
_d182789
005 20211206130524.0
010 _aENG-130206
020 _c75.00
_a978-93-81006-12-2
035 _aEN-113738
037 _bDBAD / PUB
082 1 4 _a338.479154
100 1 _aEswari, S.
245 1 _aWomen Human Resource An Elixir For the Tourism Industry:
_cEdited by S. Eswari
250 _a2012
260 _aChennai
_bSemmoodhai Pathippagam
_c2012
270 _aNo. 17, Tagore Street, M.M.D.A Nagar, Chitlapakkam
_bChennai
300 _avii, 211p.
_c21cm (pbk)
700 _aR. Abilash
942 _adpl
_cEN
_2ddc
_h338.479154
_mWOM